000 nam a22 7a 4500
999 _c8570
_d8570
008 180118b ||||| |||| 00| 0 eng d
100 _94954
_aGEETA
245 _aCARE OF SMALL PERTS
260 _aNEW DELHI
_bNBT
_c2015